000 01059nam0a22002771 4500
001 v19\rc\1317030
005 20250618034424.0
035 _a(NLR Aleph) 004472613
090 _a4568718
_c4568718
100 _a20060512e19001900|||y0rusy50 ca
101 0 _arus
102 _aRU
105 _ay z |||||
200 1 _aДревнееврейский обряд праздника пасхи и его символическое и прообразовательное значение
210 _aКазань
_cтип. Ун-та
_d1900
215 _a34 с.
300 _aВ конце текста авт. А. Оссиев
309 _aБез тит. л. и обл.
311 _aОтт. из журн. Православный собеседник, 1900, апр.
488 0 _12001#$aПравославный собеседник$v1900, апр.
_tПравославный собеседник
700 1 _aОссиев
_bА.
801 0 _aRU
_bNLR
_gpsbo
801 1 _aRU
_bProSoft-M
_2rusmarc
852 _aNLR
_j18.146.3.471
942 _cBOOK
980 _aNB